[Event "Mogliano Veneto op 42nd"]
[Site "Mogliano Veneto"]
[Date "2021.04.25"]
[Round "4"]
[White "Simionato, Tommaso"]
[Black "Steffenato, Stefano"]
[Result "0-1"]
[WhiteElo "999"]
[BlackElo "1583"]
[PlyCount "76"]
[EventDate "2021.04.23"]
[EventType "swiss"]
[EventRounds "5"]
[EventCountry "ITA"]
[SourceTitle "EXT 2023"]
[Source "ChessBase"]
[SourceDate "2022.10.05"]
[SourceVersion "1"]
[SourceVersionDate "2022.10.05"]
[SourceQuality "1"]

1. e4 Nf6 2. e5 Ng8 3. d4 d5 4. Bd3 c5 5. c3 cxd4 6. cxd4 Nc6 7. Ne2 Bg4 8. 0-0 e6 9. f3 Bh5 10. Nbc3 Bb4 11. a3 Ba5 12. Nb5 Bc7 13. Bg5 Nge7 14. Nf4 Bg6 15. Rc1 0-0 16. Bxg6 hxg6 17. Qe1 Bb6 18. Qh4 Qd7 19. Nh3 Nf5 20. Qf4 Nfxd4 21. Kh1 Nxb5 22. Bf6 Nxe5 23. Bxe5 f6 24. Bc3 Bc7 25. Qg4 Kf7 26. Rfe1 Qd6 27. g3 Nxc3 28. Rxc3 e5 29. Rec1 Bb6 30. f4 d4 31. Rc4 Rad8 32. Nf2 Qd5+ 33. Kg1 Rfe8 34. f5 gxf5 35. Rc7+ Bxc7 36. Rxc7+ Rd7 37. Qh5+ Ke7 38. Rxd7+ Qxd7 0-1

[Event "Mestre Sheraton op-B 1st"]
[Site "Mestre"]
[Date "2021.02.28"]
[Round "5"]
[White "Lin, Yan Antonio"]
[Black "Simionato, Tommaso"]
[Result "1-0"]
[WhiteElo "1133"]
[BlackElo "999"]
[PlyCount "129"]
[EventDate "2021.02.26"]
[EventType "swiss"]
[EventRounds "5"]
[EventCountry "ITA"]
[SourceTitle "EXT 2023"]
[Source "ChessBase"]
[SourceDate "2022.10.05"]
[SourceVersion "1"]
[SourceVersionDate "2022.10.05"]
[SourceQuality "1"]

1. e4 c6 2. d4 d5 3. Nc3 dxe4 4. Nxe4 Bf5 5. Nc3 Nf6 6. Nf3 h6 7. Bc4 e6 8. a3 Bd6 9. 0-0 Nbd7 10. h3 0-0 11. b3 Nb6 12. Bd3 Bxd3 13. Qxd3 Rc8 14. Bb2 Bb8 15. Rad1 Qd6 16. Ne2 Nbd5 17. Ng3 Rfe8 18. Rfe1 Nf4 19. Qd2 Ng6 20. c4 Nd7 21. Qc3 Nf6 22. Ne5 Qf8 23. Nxg6 fxg6 24. Rd2 Bxg3 25. fxg3 Rc7 26. Rf2 Qd6 27. c5 Qd5 28. Re5 Qd8 29. Rfe2 Rce7 30. a4 Qd7 31. Qc4 Nd5 32. Qd3 Kh7 33. h4 h5 34. Rxh5+ Kg8 35. Qxg6 Nf6 36. Rg5 Nh7 37. Rg4 Rf8 38. Rf2 Nf6 39. Rgf4 Ref7 40. h5 Nd5 41. Rxf7 Rxf7 42. Rxf7 Qxf7 43. Qg4 Ne3 44. Qe2 Nf5 45. g4 Ng3 46. Qe3 Qf1+ 47. Kh2 Qb1 48. Qxg3 Qxb2 49. Qb8+ Kh7 50. Qxb7 Qf2 51. Qe7 Qf4+ 52. Kh3 Qe3+ 53. Kh4 Qf2+ 54. Kh3 Qe3+ 55. Kh2 Qf4+ 56. Kg1 Qe3+ 57. Kf1 Qf4+ 58. Ke2 Qxg4+ 59. Kd3 Qd1+ 60. Ke4 Qe2+ 61. Kf4 Qf2+ 62. Ke5 Qxg2 63. Qxe6 Qe2+ 64. Kd6 Qa6 65. Qg6+ 1-0